000 01016nam a2200277Ia 4500
005 20260120091427.0
008 130821s2009 sp a gr spa
020 _a9584225413
020 _a9789584225412
040 _aCO-BoUCM
_bspa
_cSandra Palacio (modificó)
_dSandra Palacio (modificó)
041 0 0 _aspa
100 1 _aBraidot, Nestor P.
_939733
245 1 0 _aNeuromarketing ¿por qué tus clientes se acuestan con otro si dicen que les gustas tú?
_cNéstor Braidot
250 _a2a ed
260 _aBarcelona (España)
_bGestión 2000
_c2009
300 _a229 páginas
_bgráficas
504 _aIncluye referencias bibliográficas
650 7 _aAdministración de empresas
_9435
650 7 _aAdministración de ventas
_98582
650 7 _aComportamiento del consumidor
_911290
650 7 _aMercadeo
_919305
650 7 _aPsicología social
_922856
690 _aAdministración de empresas
_9435
942 _cLIBRO
_a16
_e2
_mB814n
_2DEWEY
_h658.834019
999 _c36998
_d36998